| 000 | 01015nam a2200301 i 4500 | ||
|---|---|---|---|
| 003 | EG-GICUC | ||
| 005 | 20260509124340.0 | ||
| 008 | 260509s1974 us ||||f |||| 00| 0 eng d | ||
| 040 |
_beng _cEG-GICUC _erda _a EG-GICUC _d EG-GICUC |
||
| 041 | 0 | _aeng | |
| 082 |
_221 _a341 _bAM. P |
||
| 092 | 0 | 4 | _221 |
| 099 | _aLaw1 11 341 AM. P 1974 | ||
| 110 |
_kAmerican Society Of International Law _ethesis advisor. |
||
| 245 | 1 | 0 |
_aProceedings Of The 68th Annual Meeting / _cAmerican Society Of International Law. |
| 264 | 1 |
_aWashington : _bAmerican Society Of International Law، _c1974. |
|
| 300 |
_a369صفحة ؛ _c24 سم . |
||
| 336 |
_2rda content _atext |
||
| 337 |
_2rda media _aComputer |
||
| 338 |
_2rda carrier _aOnline Resource |
||
| 546 | _aText in English | ||
| 650 | 1 |
_aPublic international law. _2qrmak |
|
| 650 | 1 | _aProceedings Of The 68th Annual Meeting | |
| 651 | 1 | _2qrmak | |
| 856 | 4 | 0 | _uhttps://fll.law.cu.edu.eg/fulltext/bksB11-05351.pdf |
| 905 |
_a75 _eYara |
||
| 942 |
_2ddc _cBK _e21 _n0 |
||
| 999 |
_c76362 _d76362 |
||